[Event "4NCL/Div2/WES1 vs. MMNWE2"]
[Site "West Bromwich ENG"]
[Date "2003.10.18"]
[Round "1.7"]
[White "Brameld, Arthur F"]
[Black "Savory, Richard J"]
[Result "1-0"]
[WhiteElo "2079"]
[BlackElo "2096"]
[PlyCount "125"]
[EventDate "2003.10.18"]

1. e4 c5 2. Nf3 d6 3. c3 Nf6 4. Be2 g6 5. O-O Bg7 6. Re1 O-O 7. Bf1 Nc6 8. h3
e5 9. d4 Qc7 10. d5 Ne7 11. c4 Ne8 12. Nc3 f5 13. exf5 Nxf5 14. Ne4 Nf6 15. a4
Nxe4 16. Rxe4 Bd7 17. g4 Nh6 18. Ra3 Nf7 19. Bg2 Rae8 20. b3 Qd8 21. Ra2 Bh6
22. Rae2 Bxc1 23. Qxc1 g5 24. Qe3 Kg7 25. Ne1 Nh8 26. Nd3 Ng6 27. Qd2 b6 28.
R2e3 Rh8 29. Qe2 Nf4 30. Nxf4 gxf4 31. Rd3 Qg5 32. f3 Kf7 33. Qf2 Reg8 34. h4
Qf6 35. Re1 Rg6 36. Kf1 Qd8 37. h5 Rg5 38. Ke2 h6 39. Rh1 Re8 40. Kd2 Rgg8 41.
Kc1 Qf6 42. Kc2 a6 43. Bh3 Qg5 44. Re1 b5 45. axb5 axb5 46. Ra1 Ra8 47. Qe1
Rgb8 48. cxb5 Bxb5 49. Rdd1 Qg8 50. Qe4 Bd7 51. Bf1 Qg7 52. Bd3 Ke7 53. Rh1 Rb4
{(=)} 54. Rxa8 Rxe4 55. Bxe4 Kf6 56. Kc3 Bb5 57. Rha1 Kg5 58. R1a7 Qf6 59. Rb8
Be2 60. Kd2 Bf1 61. Ke1 Bh3 62. Kf2 Kh4 63. Rg8 1-0

[Event "4NCL/Div2/WES1 vs. MMNWE2"]
[Site "West Bromwich ENG"]
[Date "2003.10.18"]
[Round "1.8"]
[White "Hanley, James"]
[Black "Khoo, Teresa"]
[Result "1-0"]
[WhiteElo "2008"]
[BlackElo "2054"]
[PlyCount "81"]
[EventDate "2003.10.18"]

1. e4 c5 2. Nf3 Nc6 3. Bb5 g6 4. O-O Bg7 5. Re1 e5 6. c3 Nge7 7. d3 O-O 8. Be3
d6 9. Na3 a6 10. Bxc6 Nxc6 11. d4 cxd4 12. cxd4 Bg4 13. d5 Nd4 14. Bxd4 exd4
15. h3 Bxf3 16. Qxf3 f5 17. Rad1 Rc8 18. Re2 Qg5 19. Nc2 fxe4 20. Qxe4 Rce8 21.
Qxe8 Rxe8 22. Rxe8+ Kf7 23. Re2 Qxd5 24. b3 Qb5 25. Red2 Qa5 26. a4 Qc3 27.
Nxd4 Bxd4 28. Rxd4 Qxb3 29. a5 Qc3 30. Rxd6 Qxa5 31. Rd7+ Ke6 32. Rxb7 h5 {(=)}
33. Rbb1 Qc5 34. Ra1 a5 35. Ra4 Kf6 36. Rda1 Kg7 37. Rxa5 Qd4 38. Ra6 Kh6 39.
Rb1 Qe5 40. g3 Qe2 41. Rbb6 {Note : The match result of this game was 1-0 to
Wessex (NWE2 had no female player in their team)} 1-0

[Event "4NCL/Div2/PPA1 vs. MIN1"]
[Site "West Bromwich ENG"]
[Date "2003.10.18"]
[Round "1.1"]
[White "Swanson, Stephen"]
[Black "McFarland, Robert S"]
[Result "1/2-1/2"]
[WhiteElo "2283"]
[BlackElo "2268"]
[PlyCount "122"]
[EventDate "2003.10.18"]

1. d4 g6 2. Nf3 Bg7 3. c3 Nf6 4. Bf4 b6 5. h3 Bb7 6. e3 O-O 7. Be2 d6 8. O-O
Nbd7 9. a4 a6 10. Bh2 Qe8 11. Nbd2 e5 12. Rc1 Qe7 13. b4 Ne8 14. c4 c5 15. bxc5
bxc5 16. Rb1 Rb8 17. d5 e4 18. Ne1 h5 19. Rb3 Nef6 {(=)} 20. f3 exf3 21. Nexf3
Bh6 22. e4 Ba8 23. Bd3 Rxb3 24. Qxb3 Rb8 25. Qc2 Ne8 26. Rb1 Rxb1+ 27. Qxb1 Bg7
28. Bc2 Qd8 29. Bf4 Qc7 30. Qa2 Qa5 31. Qb3 Kf8 32. Kh2 Ke7 33. Qe3 Qc3 34. Bd3
Ne5 35. Be2 Qxe3 36. Bxe3 Bb7 37. Nb3 Nxf3+ 38. gxf3 Be5+ 39. f4 Bc3 40. Kg2
Bc8 41. e5 Bb4 42. Bd2 Bxd2 43. Nxd2 Bf5 44. Bd1 Bd3 45. a5 Ng7 46. Kf3 Bf5 47.
exd6+ Kxd6 48. Ba4 Bxh3 49. Ne4+ Kc7 50. d6+ Kd8 51. Nxc5 Be6 52. Nxa6 Bxc4 53.
Nb4 Ne6 54. Kg3 Nc5 55. Bc6 f6 56. Kh4 Na6 57. Nxa6 Bxa6 58. f5 gxf5 59. Kxh5
Bd3 60. Kg6 f4+ 61. Kxf6 Be2 1/2-1/2

[Event "4NCL/Div2/PPA1 vs. MIN1"]
[Site "West Bromwich ENG"]
[Date "2003.10.18"]
[Round "1.2"]
[White "Radovanovic, Jovica"]
[Black "Posazhennikov, Alex"]
[Result "1/2-1/2"]
[WhiteElo "2280"]
[BlackElo "2253"]
[PlyCount "122"]
[EventDate "2003.10.18"]

1. e4 e5 2. Nf3 Nc6 3. Bb5 a6 4. Ba4 Nf6 5. O-O b5 6. Bb3 Be7 7. a4 Bb7 8. d3
O-O 9. Nc3 b4 10. Nd5 Na5 11. Nxe7+ Qxe7 12. Ba2 c5 13. Bg5 h6 14. Bh4 g5 15.
Bg3 d6 16. h4 Nh7 17. hxg5 hxg5 18. c3 bxc3 19. bxc3 Kg7 20. d4 f6 21. dxc5
dxc5 22. Qe2 Rfd8 23. Rfd1 Nf8 24. Nd2 Bc8 25. Nc4 Rxd1+ 26. Rxd1 Nxc4 27. Bxc4
a5 28. f3 Bd7 29. Bb5 Be6 30. Qd2 Bb3 31. Qd6 Kf7 32. Rd2 Ne6 33. Qxe7+ Kxe7
34. Rd7+ Kf8 35. Bf2 Rc8 36. g3 g4 37. fxg4 Ng5 38. Ba6 Rb8 39. Bxc5+ Kg8 40.
Bb7 Be6 41. Rc7 Rd8 42. Bd5 Bxd5 43. Be7 Rb8 44. exd5 Rb2 45. Kf1 Nf3 46. Bxf6
Rd2 47. Rg7+ Kf8 48. Rh7 e4 49. Bd4 Nxd4 50. cxd4 Rxd4 51. Ke2 Rxd5 52. Rh5 Rd3
53. Rxa5 Rxg3 54. g5 Ra3 55. Ra7 Rg3 56. a5 Rxg5 57. Ke3 Ke8 58. a6 Ra5 59.
Kxe4 Kd8 60. Kd4 Kc8 61. Ra8+ Kc7 1/2-1/2

[Event "4NCL/Div2/PPA1 vs. MIN1"]
[Site "West Bromwich ENG"]
[Date "2003.10.18"]
[Round "1.3"]
[White "Harley, Andrew"]
[Black "Almond, Richard"]
[Result "1/2-1/2"]
[WhiteElo "2238"]
[BlackElo "2169"]
[PlyCount "53"]
[EventDate "2003.10.18"]

1. e4 d5 2. exd5 Qxd5 3. Nc3 Qa5 4. d4 Nf6 5. Bc4 Bf5 6. Nge2 e6 7. O-O Bb4 8.
Bd2 c6 9. Ng3 Bg6 10. a3 Bxc3 11. Bxc3 Qc7 12. f4 O-O 13. f5 exf5 14. Nxf5 Re8
15. Qf3 Nbd7 16. Rae1 Bxf5 17. Qxf5 Nb6 18. Bd3 Nbd5 19. Rxe8+ Rxe8 20. Re1
Nxc3 21. Rxe8+ Nxe8 22. Qxh7+ Kf8 23. Qh8+ Ke7 24. Qh4+ Kf8 25. Qh8+ Ke7 26.
Qh4+ Kf8 27. Qh8+ 1/2-1/2

[Event "4NCL/Div2/PPA1 vs. MIN1"]
[Site "West Bromwich ENG"]
[Date "2003.10.18"]
[Round "1.4"]
[White "Stirling, William J"]
[Black "Byway, Paul"]
[Result "1/2-1/2"]
[WhiteElo "2141"]
[BlackElo "2213"]
[PlyCount "41"]
[EventDate "2003.10.18"]

1. Nf3 d5 2. d4 Nf6 3. c4 e6 4. Nc3 Bb4 5. Bg5 Nbd7 6. e3 c5 7. cxd5 exd5 8.
Be2 Qa5 9. O-O c4 10. Nd2 O-O 11. Qc2 Re8 12. Bf3 Bxc3 13. bxc3 Ne4 14. Bxe4
dxe4 15. Bf4 Qd5 16. f3 Nf6 17. Be5 Bf5 18. Bxf6 gxf6 19. fxe4 Bxe4 20. Nxe4
Qxe4 21. Qxe4 1/2-1/2

[Event "4NCL/Div2/PPA1 vs. MIN1"]
[Site "West Bromwich ENG"]
[Date "2003.10.18"]
[Round "1.5"]
[White "Morgan, Ben"]
[Black "Kafka, Graeme"]
[Result "1/2-1/2"]
[WhiteElo "2200"]
[BlackElo "2162"]
[PlyCount "53"]
[EventDate "2003.10.18"]

1. d4 d5 2. c4 c6 3. cxd5 cxd5 4. Nc3 Nc6 5. Bf4 Nf6 6. Nf3 Bf5 7. e3 e6 8. Bb5
Nd7 9. Qa4 Qb6 10. O-O Be7 11. Rfc1 O-O 12. Qb3 Na5 13. Qd1 Nf6 14. Qe2 a6 15.
Ba4 Nc4 16. Bb3 Rfc8 17. Bxc4 Rxc4 18. Ne5 Rcc8 19. a3 Qb3 20. Bg3 Bd6 21. f3
Bxe5 22. Bxe5 Nd7 23. e4 Bg6 24. Bf4 Nf6 25. Be5 Nd7 26. Bg3 Nf6 27. Be5
1/2-1/2

[Event "4NCL/Div2/PPA1 vs. MIN1"]
[Site "West Bromwich ENG"]
[Date "2003.10.18"]
[Round "1.6"]
[White "Muter, Donny"]
[Black "Waddington, Michael P"]
[Result "1/2-1/2"]
[WhiteElo "2121"]
[BlackElo "2156"]
[PlyCount "71"]
[EventDate "2003.10.18"]

1. d4 f5 2. Bg5 Nf6 3. Bxf6 exf6 4. e3 Nc6 5. Bd3 g6 6. h4 h5 7. Nh3 Bh6 8. Nc3
d5 9. Qf3 Be6 10. Nf4 Bxf4 11. Qxf4 Qd7 12. O-O-O O-O-O 13. Na4 Qd6 14. Qf3 Bf7
15. Nc5 Kb8 16. Be2 b6 17. Nb3 Rhg8 18. Kb1 Rg7 19. Rc1 Ne7 20. Nd2 g5 21. g3
g4 22. Qg2 c6 23. Rhd1 Qd7 24. c4 Nc8 25. c5 b5 26. Rc3 Qb7 27. Rb3 Kc7 28. f3
Bg6 29. Ka1 Re8 30. Qf2 a5 31. a4 b4 32. fxg4 hxg4 33. Bd3 Ne7 34. Qf4+ Kc8 35.
Qd6 Ng8 36. h5 1/2-1/2

[Event "4NCL/Div2/PPA1 vs. MIN1"]
[Site "West Bromwich ENG"]
[Date "2003.10.18"]
[Round "1.7"]
[White "Day, Tom W"]
[Black "Hardman, Michael J"]
[Result "0-1"]
[WhiteElo "2134"]
[BlackElo "2107"]
[PlyCount "80"]
[EventDate "2003.10.18"]

1. d4 Nf6 2. c4 c5 3. Nf3 g6 4. e3 Bg7 5. Bd3 O-O 6. O-O cxd4 7. Nxd4 Nc6 8.
Nxc6 bxc6 9. Nc3 d5 10. Qa4 Bd7 11. c5 e5 12. b4 e4 13. Be2 Ng4 14. Bb2 Nxh2
15. Kxh2 Qh4+ 16. Kg1 Be5 17. f4 exf3 18. Rxf3 Bg4 19. Rf4 Bxf4 20. exf4 Bxe2
21. Nxe2 Rae8 22. Qc2 Qg4 23. Qc3 f6 24. Nd4 Re4 25. Rf1 Rfe8 26. Qd2 Re2 27.
Nxe2 Rxe2 28. Qxe2 Qxe2 29. Bxf6 Qe3+ 30. Kh1 d4 31. Rf3 Qc1+ 32. Kh2 d3 33.
Rxd3 Qxf4+ 34. Kg1 Qxf6 35. Rd7 Qa1+ 36. Kh2 Qxa2 37. b5 cxb5 38. c6 Qe6 39.
Rd8+ Kf7 40. c7 Qe5+ 0-1

[Event "4NCL/Div2/PPA1 vs. MIN1"]
[Site "West Bromwich ENG"]
[Date "2003.10.18"]
[Round "1.8"]
[White "Hegarty, Sarah N"]
[Black "Hughes, Beryl"]
[Result "1-0"]
[WhiteElo "1882"]
[BlackElo "1601"]
[PlyCount "55"]
[EventDate "2003.10.18"]

1. e4 d6 2. d4 Nf6 3. Nc3 g6 4. Be2 Bg7 5. Be3 O-O 6. Qd2 e5 7. O-O-O exd4 8.
Bxd4 Nc6 9. Be3 Re8 10. f3 Be6 11. Bh6 a6 12. h4 Qe7 13. h5 Qf8 14. Bxg7 Qxg7
15. hxg6 fxg6 16. Nh3 Ne5 17. Ng5 Bc4 18. f4 Bxe2 19. fxe5 Bxd1 20. exf6 Qxf6
21. Qd5+ Re6 22. Nxe6 Bh5 23. Nxc7+ Kg7 24. Nxa8 Qd8 25. Qxb7+ Kh8 26. Rf1 g5
27. Nc7 g4 28. Ne6 1-0

[Event "4NCL/Div2/PYO vs. PPA1"]
[Site "West Bromwich ENG"]
[Date "2003.10.19"]
[Round "2.1"]
[White "Haslinger, Stewart"]
[Black "Swanson, Stephen"]
[Result "1-0"]
[WhiteElo "2410"]
[BlackElo "2283"]
[PlyCount "81"]
[EventDate "2003.10.19"]

1. e4 g6 2. d4 d6 3. Bc4 Bg7 4. Nf3 a6 5. a4 e6 6. Nc3 Ne7 7. a5 Nbc6 8. Be3 d5
9. Bb3 h6 10. e5 Nf5 11. Ne2 Bd7 12. Bd2 h5 13. c4 dxc4 14. Bxc4 Nce7 15. Nf4
Bc6 16. Bc3 Bh6 17. Nd3 O-O 18. O-O Nd5 19. Re1 Bb5 20. Bxb5 axb5 21. Nc5 b6
22. axb6 Rxa1 23. Qxa1 cxb6 24. Ne4 Qa8 25. Nf6+ Nxf6 26. exf6 Qb7 27. Qa3 Ra8
28. Qb3 Qd5 29. Qxd5 exd5 30. g3 Bf8 31. Re5 Rd8 32. h3 b4 33. Bd2 b3 34. g4
hxg4 35. hxg4 Bd6 36. Re1 Nxd4 37. Nxd4 Bc5 38. Nxb3 Bd6 39. Nd4 Rc8 40. Nb5
Bf8 41. Rc1 1-0

[Event "4NCL/Div2/PYO vs. PPA1"]
[Site "West Bromwich ENG"]
[Date "2003.10.19"]
[Round "2.2"]
[White "Posazhennikov, Alex"]
[Black "Bigg, Andrew J"]
[Result "0-1"]
[WhiteElo "2253"]
[BlackElo "2267"]
[PlyCount "94"]
[EventDate "2003.10.19"]

1. e4 e6 2. d4 d5 3. Nc3 Bb4 4. e5 Ne7 5. a3 Bxc3+ 6. bxc3 c5 7. Qg4 Qc7 8.
Qxg7 Rg8 9. Qxh7 cxd4 10. Ne2 Nbc6 11. f4 Bd7 12. Qd3 dxc3 13. Nxc3 Nf5 14. g4
Rxg4 15. Bh3 Nxe5 16. fxe5 Qxe5+ 17. Kf2 Rc4 18. Bd2 Rac8 19. Rae1 Qd4+ 20.
Qxd4 Rxd4 21. Bxf5 Rxd2+ 22. Ke3 Rg2 23. Kd3 Rf2 24. Bg4 Rc4 25. h3 Rff4 26.
Ne2 Rfe4 27. c3 Bb5 28. Kd2 Ra4 29. Nd4 Bd7 30. Rxe4 dxe4 31. h4 f5 32. Bd1
Rxa3 33. h5 Kf8 34. h6 Kg8 35. Bb3 f4 36. Bxe6+ Bxe6 37. Rg1+ Kh8 38. Nxe6 Ra2+
39. Ke1 Ra1+ 40. Kf2 e3+ 41. Kg2 f3+ 42. Kh2 Ra2+ 43. Kg3 f2 44. Rd1 Rd2 45.
Rh1 Rd6 46. Kf3 Rxe6 47. Ke2 Rg6 0-1

[Event "4NCL/Div2/PYO vs. PPA1"]
[Site "West Bromwich ENG"]
[Date "2003.10.19"]
[Round "2.3"]
[White "Rendle, Thomas E"]
[Black "Harley, Andrew"]
[Result "1/2-1/2"]
[WhiteElo "2272"]
[BlackElo "2238"]
[PlyCount "52"]
[EventDate "2003.10.19"]

1. e4 e6 2. d4 d5 3. e5 c5 4. c3 Qb6 5. Nf3 Nc6 6. Be2 cxd4 7. cxd4 Nh6 8. Nc3
Nf5 9. Na4 Bb4+ 10. Bd2 Qa5 11. Bc3 Bxc3+ 12. Nxc3 Qb6 13. Bb5 Bd7 14. Bxc6
Bxc6 15. Qd2 Bb5 16. Nxb5 Qxb5 17. Rc1 O-O 18. Rc5 Qa6 19. Ra5 Qb6 20. O-O Rfc8
21. g4 Ne7 22. Ra3 Rc4 23. Rb3 Qc7 24. h4 Rc8 25. h5 h6 26. Kg2 b6 1/2-1/2

[Event "4NCL/Div2/PYO vs. PPA1"]
[Site "West Bromwich ENG"]
[Date "2003.10.19"]
[Round "2.4"]
[White "Byway, Paul"]
[Black "Hodge, David J"]
[Result "1/2-1/2"]
[WhiteElo "2213"]
[BlackElo "2165"]
[PlyCount "180"]
[EventDate "2003.10.19"]

1. d4 Nf6 2. Nf3 g6 3. Bf4 Bg7 4. e3 O-O 5. h3 d6 6. c4 c6 7. Nc3 Nbd7 8. Be2
a6 9. O-O b5 10. b4 a5 11. Qb3 bxc4 12. Bxc4 Nb6 13. Rfc1 a4 14. Nxa4 Nxa4 15.
Bxf7+ Rxf7 16. Ng5 d5 17. Nxf7 Kxf7 18. Rxc6 Bd7 19. Rc2 Bb5 20. Rac1 Qd7 21.
Rc7 Qe6 22. Qc2 Ne8 23. Rc8 Rxc8 24. Qxc8 Bc4 25. Qa8 Qd7 26. Rc2 e6 27. a3 Bf8
28. Qa5 Be7 29. Be5 Bd8 30. Qa8 Ke7 31. f3 Bb5 32. Qb8 {=} 32... Nb6 33. Rc5
Bc6 34. Bg3 Kf7 35. Rxc6 Qxc6 36. Qxd8 Nd7 37. Kh2 Ndf6 38. Qb8 Qa6 39. b5 Qxa3
40. b6 Qe7 {=} 41. b7 Nd7 42. Qf4+ Qf6 43. b8=Q Nxb8 44. Qxb8 Qe7 45. Be5 Qd7
46. Qa8 Kf8 47. Bb8 Kg8 48. Bf4 Kf7 49. Qb8 Kg8 50. g4 Kf7 51. Kg3 Kg8 52. Qe5
Qf7 53. Qg5 Qd7 54. h4 Kf7 55. Be5 Qc6 {=} 56. Qd8 Kf8 57. Kf4 h6 58. Bf6 Qc7+
59. Qxc7 Nxc7 60. Ke5 Kf7 61. Bd8 Nb5 62. e4 dxe4 63. fxe4 Na3 64. Kd6 Nb5+ 65.
Ke5 Na3 66. d5 Nc4+ 67. Kd4 exd5 68. exd5 Nd6 {=} 69. Ke5 Nc4+ 70. Kf4 Ke8 71.
Bc7 Kd7 72. Bb8 Ke7 73. Ke4 Nb6 74. Bf4 Nd7 75. Be5 Kf7 76. Bd4 Ke8 77. h5 gxh5
78. gxh5 Kf7 79. Kf5 Nf8 80. Bc5 Nh7 81. Be3 Nf6 82. d6 Nxh5 83. Bd4 Ng3+ 84.
Ke5 h5 85. Bf2 Ne2 86. Bh4 Ke8 87. Bf2 Kd7 88. Be1 h4 89. Bxh4 Nc3 90. Bf2 Nb5
1/2-1/2

[Event "4NCL/Div2/PYO vs. PPA1"]
[Site "West Bromwich ENG"]
[Date "2003.10.19"]
[Round "2.5"]
[White "Deva, Chetan"]
[Black "Morgan, Ben"]
[Result "1/2-1/2"]
[WhiteElo "2155"]
[BlackElo "2200"]
[PlyCount "65"]
[EventDate "2003.10.19"]

1. d4 e6 2. c4 Nf6 3. g3 d5 4. Bg2 Be7 5. Nf3 O-O 6. Qc2 c6 7. O-O Nbd7 8. Nbd2
b6 9. e4 dxc4 10. Nxc4 Bb7 11. Nfe5 c5 12. Nxd7 Qxd7 13. dxc5 Bxc5 14. Bg5 Rac8
15. Rfd1 Qb5 16. Bxf6 gxf6 17. b3 Rfd8 18. Qb2 Be7 19. Ne3 Qe5 20. Qe2 Kg7 21.
Nc4 Qg5 22. h4 Qg6 23. Nb2 Bc5 24. Nd3 Ba6 25. Qf3 Bxd3 26. Rxd3 Rxd3 27. Qxd3
Qg4 28. Rf1 e5 29. Kh2 Rc6 30. Bh3 Qh5 31. b4 Bd4 32. Bg2 Qg4 33. Bh3 1/2-1/2

[Event "4NCL/Div2/PYO vs. PPA1"]
[Site "West Bromwich ENG"]
[Date "2003.10.19"]
[Round "2.6"]
[White "Waddington, Michael P"]
[Black "Bennet, William D"]
[Result "0-1"]
[WhiteElo "2156"]
[BlackElo "2077"]
[PlyCount "82"]
[EventDate "2003.10.19"]

1. Nc3 c5 2. e4 Nc6 3. f4 g6 4. Nf3 Bg7 5. Bc4 e6 6. O-O Nge7 7. d3 O-O 8. Qe1
d5 9. Bb3 Nd4 10. Nxd4 cxd4 11. Ne2 a5 12. exd5 a4 13. d6 Qxd6 14. Bc4 Bd7 15.
Bd2 Qc6 16. Bb4 Nf5 17. a3 b5 18. Ba2 Ne3 19. Qf2 Nxf1 20. Nxd4 Qb6 21. Bc3
Nxh2 22. Kxh2 Bc6 23. Rf1 Bb7 24. f5 exf5 25. Qh4 Rae8 26. Kh1 Re3 27. Rf4 Qd6
28. Rf1 Qg3 29. Qxg3 Rxg3 30. Rf2 Re8 31. Nxb5 Bxc3 32. Nxc3 Rh3+ 33. Kg1 Re1+
34. Rf1 Rh1+ 35. Kxh1 Rxf1+ 36. Kh2 Rf2 37. Nxa4 Rxg2+ 38. Kh3 Rxc2 39. Bc4 Bc6
40. Nc3 f4 41. b4 Bd7+ 0-1

[Event "4NCL/Div2/PYO vs. PPA1"]
[Site "West Bromwich ENG"]
[Date "2003.10.19"]
[Round "2.7"]
[White "Levermore, Peter A"]
[Black "Day, Tom W"]
[Result "1-0"]
[WhiteElo "2066"]
[BlackElo "2134"]
[PlyCount "61"]
[EventDate "2003.10.19"]

1. e4 e6 2. d4 d5 3. Nc3 Nf6 4. Bg5 Be7 5. e5 Nfd7 6. Bxe7 Qxe7 7. f4 a6 8. Nf3
Qb4 9. Qd2 c5 10. O-O-O Nc6 11. g3 b5 12. dxc5 Qxc5 13. Nd4 O-O 14. Nxc6 Qxc6
15. Bg2 Nb6 16. f5 b4 17. f6 h6 18. Ne2 Nc4 19. Qf4 g5 20. Qd4 Qc7 21. h4 Qxe5
22. Qxe5 Nxe5 23. hxg5 hxg5 24. Rh5 Rd8 25. Rdh1 Ng6 26. Rxg5 e5 27. g4 Rd6 28.
Ng3 Kf8 29. Nf5 Bxf5 30. gxf5 Rxf6 31. fxg6 1-0

[Event "4NCL/Div2/PYO vs. PPA1"]
[Site "West Bromwich ENG"]
[Date "2003.10.19"]
[Round "2.8"]
[White "Hughes, Beryl"]
[Black "Miller, Naomi K"]
[Result "1/2-1/2"]
[WhiteElo "1601"]
[BlackElo "1680"]
[PlyCount "45"]
[EventDate "2003.10.19"]

1. e4 c5 2. Nf3 d6 3. d4 cxd4 4. Nxd4 Nf6 5. Nc3 a6 6. Bg5 e6 7. f4 Be7 8. Qf3
Qc7 9. O-O-O b5 10. Bxf6 Bxf6 11. Ndxb5 axb5 12. Nxb5 Qc6 13. Nxd6+ Kf8 14. Bb5
Qc5 15. e5 Rxa2 16. exf6 Ra1+ 17. Kd2 Qxd6+ 18. Ke2 Rxd1 19. Rxd1 Qb6 20. fxg7+
Kxg7 21. Qg3+ Kf8 22. Qa3+ Kg7 23. Qg3+ 1/2-1/2

[Event "4NCL/Div2/MIN1 vs. 3CS2"]
[Site "West Bromwich ENG"]
[Date "2003.10.19"]
[Round "2.1"]
[White "McFarland, Robert S"]
[Black "James, Dale R"]
[Result "1/2-1/2"]
[WhiteElo "2268"]
[BlackElo "2200"]
[PlyCount "106"]
[EventDate "2003.10.19"]

1. Nf3 d5 2. g3 c5 3. Bg2 Nc6 4. O-O e5 5. d3 Nge7 6. Na3 Ng6 7. c4 d4 8. Nc2
Bd6 9. a3 f5 10. b4 O-O 11. Rb1 Qe7 12. Bg5 Qc7 13. Bd2 h6 14. bxc5 Bxc5 15.
Nb4 Be6 16. Qb3 Rab8 17. Ne1 Qd6 18. Nec2 Nce7 19. Qa4 Bd7 20. Qb3 a5 21. Nd5
b6 22. Qa2 {=} 22... Ba4 23. Bb4 Nxd5 24. Bxd5+ Kh7 25. Bxc5 {=} 25... Qxc5 26.
Na1 Qd6 27. Nb3 Rfc8 28. Rfc1 Ne7 29. Bg2 Bd7 30. Nd2 Ng8 31. Rc2 Ba4 32. Rcb2
Nf6 33. Ra1 Re8 34. Qb1 Nd7 35. Kf1 Nc5 36. Kg1 Bd7 37. Kf1 Na4 38. Rb3 Nc3 39.
Qc1 Ba4 40. Rb2 Bd1 41. Nb1 Nxb1 42. Qxb1 Ba4 43. Kg1 Re6 44. Bd5 Rf6 45. Qf1 {
=} 45... Be8 46. Qg2 Bg6 47. f3 b5 48. Rab1 Qxa3 49. cxb5 Qc5 50. Bc4 e4 51. f4
Rfb6 52. Qf1 Qe7 53. Qf2 Qd6 1/2-1/2

[Event "4NCL/Div2/MIN1 vs. 3CS2"]
[Site "West Bromwich ENG"]
[Date "2003.10.19"]
[Round "2.2"]
[White "Plant, Paul"]
[Black "Radovanovic, Jovica"]
[Result "1/2-1/2"]
[WhiteElo "2097"]
[BlackElo "2280"]
[PlyCount "38"]
[EventDate "2003.10.19"]

1. d4 Nf6 2. c4 g6 3. Nf3 Bg7 4. g3 O-O 5. Bg2 d6 6. O-O Nc6 7. Nc3 a6 8. d5
Na5 9. Nd2 c5 10. Qc2 Rb8 11. Rb1 e5 12. a3 b6 13. b4 Nb7 14. Qa4 cxb4 15. axb4
Ra8 16. Qc6 Rb8 17. Qa4 Ra8 18. Qc6 Rb8 19. Qa4 Ra8 1/2-1/2

[Event "4NCL/Div2/MIN1 vs. 3CS2"]
[Site "West Bromwich ENG"]
[Date "2003.10.19"]
[Round "2.3"]
[White "Almond, Richard"]
[Black "Shaw, David A"]
[Result "0-1"]
[WhiteElo "2169"]
[BlackElo "2168"]
[PlyCount "60"]
[EventDate "2003.10.19"]

1. d4 e6 2. c4 d5 3. Nc3 Nf6 4. cxd5 exd5 5. Bg5 Nbd7 6. e3 Be7 7. Bd3 c6 8.
Qc2 O-O 9. Nge2 Re8 10. O-O Nf8 11. f3 Ng6 12. e4 dxe4 13. fxe4 Ng4 14. Bxe7
Qxe7 15. Rf3 Be6 16. Raf1 Rad8 17. Na4 Qc7 18. e5 Rxd4 19. h3 Qxe5 20. hxg4
Rxg4 21. Nac3 Nh4 22. R3f2 Qe3 23. Bxh7+ Kh8 24. Be4 Bf5 25. Bxf5 Rxg2+ 26. Kh1
Rxf2 27. Rxf2 Qxf2 28. Be4 Nf3 29. Bxf3 Qxf3+ 30. Kh2 Re6 0-1

[Event "4NCL/Div2/MIN1 vs. 3CS2"]
[Site "West Bromwich ENG"]
[Date "2003.10.19"]
[Round "2.4"]
[White "Taylor, Robert M"]
[Black "Stirling, William J"]
[Result "1-0"]
[WhiteElo "2175"]
[BlackElo "2141"]
[PlyCount "75"]
[EventDate "2003.10.19"]

1. e4 c5 2. Nc3 Nc6 3. f4 g6 4. Nf3 Bg7 5. Bb5 Nd4 6. O-O Nxb5 7. Nxb5 d5 8. e5
a6 9. Nc3 Bg4 10. d4 cxd4 11. Qxd4 Bxf3 12. Rxf3 e6 13. Qb4 Qe7 14. Qa4+ Qd7
15. Qxd7+ Kxd7 16. Na4 Rb8 17. Nb6+ Kd8 18. c4 dxc4 19. Nxc4 Bf8 20. Rd3+ Ke8
21. Be3 Nh6 22. Bb6 Be7 23. Rad1 Nf5 24. g4 Nh6 25. h3 Ng8 26. b3 f6 27. Kg2 h5
28. Rd7 hxg4 29. hxg4 Kf8 30. Ba7 Ra8 31. Rxb7 f5 32. g5 Rh4 33. Be3 a5 34. Nb6
Rd8 35. Rxd8+ Bxd8 36. Nd7+ Ke8 37. Nf6+ Bxf6 38. exf6 1-0

[Event "4NCL/Div2/MIN1 vs. 3CS2"]
[Site "West Bromwich ENG"]
[Date "2003.10.19"]
[Round "2.5"]
[White "Kafka, Graeme"]
[Black "Adams, Phil"]
[Result "1/2-1/2"]
[WhiteElo "2162"]
[BlackElo "2115"]
[PlyCount "40"]
[EventDate "2003.10.19"]

1. e4 c5 2. Nf3 Nc6 3. d4 cxd4 4. Nxd4 g6 5. c4 Bg7 6. Be3 Nf6 7. Nc3 O-O 8.
Be2 b6 9. O-O Bb7 10. Rc1 Nxd4 11. Bxd4 Bh6 12. e5 Bxc1 13. exf6 Bg5 14. fxe7
Qxe7 15. Bf3 Bxf3 16. Qxf3 f5 17. g3 Rac8 18. h4 Bh6 19. Nd5 Qd6 20. Qc3 Qxd5
1/2-1/2

[Event "4NCL/Div2/MIN1 vs. 3CS2"]
[Site "West Bromwich ENG"]
[Date "2003.10.19"]
[Round "2.6"]
[White "Walton, Alan J"]
[Black "Free, Graham"]
[Result "1-0"]
[WhiteElo "2127"]
[BlackElo "2155"]
[PlyCount "77"]
[EventDate "2003.10.19"]

1. d4 f5 2. Bg5 h6 3. Bh4 g5 4. e4 Nf6 5. e5 e6 6. exf6 Qxf6 7. Bg3 f4 8. Qh5+
Qf7 9. Qxf7+ Kxf7 10. Bxf4 gxf4 11. Nh3 Bg7 12. c3 e5 13. Bc4+ Kf8 14. g3 d6
15. Ng1 exd4 16. Ne2 Nc6 17. Nxf4 Bf5 18. O-O Re8 19. g4 Be5 20. gxf5 Bxf4 21.
Na3 dxc3 22. bxc3 Ne5 23. Be6 c6 24. Nc2 Ke7 25. Nd4 Kf6 26. Ne2 Kg5 27. h4+
Kg4 28. Kg2 Nf3 29. Nd4 Nxd4 30. cxd4 Bd2 31. Rad1 Ba5 32. d5 Kf4 33. dxc6 bxc6
34. Rxd6 Ke5 35. Rxc6 Bb6 36. Re1+ Kd4 37. Kf3 Ba5 38. Rd1+ Ke5 39. Rd5+ 1-0

[Event "4NCL/Div2/MIN1 vs. 3CS2"]
[Site "West Bromwich ENG"]
[Date "2003.10.19"]
[Round "2.7"]
[White "Muter, Donny"]
[Black "Hickman, Alexander"]
[Result "1/2-1/2"]
[WhiteElo "2121"]
[BlackElo "1936"]
[PlyCount "90"]
[EventDate "2003.10.19"]

1. d4 Nf6 2. c4 e6 3. Nf3 Bb4+ 4. Bd2 Qe7 5. g3 Nc6 6. Bg2 Bxd2+ 7. Nbxd2 d6 8.
O-O O-O 9. Re1 a5 10. e4 e5 11. d5 Nb8 12. b3 Ne8 13. a3 f5 14. exf5 Bxf5 15.
Nd4 Bc8 16. Nb5 Nf6 17. Ne4 Na6 18. Nbc3 Bf5 19. Ra2 Rae8 20. Qd2 b6 21. Nxf6+
Qxf6 22. Ne4 Bxe4 23. Bxe4 Nc5 24. Rb2 Nxe4 25. Rxe4 Qf3 26. Qe2 Qxe2 27. Rexe2
Rf3 28. Re3 Ref8 29. Kg2 Rxe3 30. fxe3 g6 31. b4 axb4 32. axb4 Kg7 33. Ra2 Kf6
34. g4 Ke7 35. h4 Kd7 36. Rf2 Rxf2+ 37. Kxf2 Ke7 38. Ke2 Kd7 39. Kd3 Ke7 40.
Ke4 Kf6 41. g5+ Ke7 42. Kd3 Kd7 43. Kc3 Kc8 44. Kb3 Kb7 45. Ka4 Ka6 1/2-1/2

[Event "4NCL/Div2/MIN1 vs. 3CS2"]
[Site "West Bromwich ENG"]
[Date "2003.10.19"]
[Round "2.8"]
[White "Roberts, Elizabeth H"]
[Black "Hegarty, Sarah N"]
[Result "1/2-1/2"]
[WhiteElo "1528"]
[BlackElo "1882"]
[PlyCount "107"]
[EventDate "2003.10.19"]

1. e4 Nf6 2. e5 Nd5 3. d4 d6 4. c4 Nb6 5. exd6 exd6 6. Nc3 Be7 7. Be3 Nc6 8. b3
Bf6 9. Rc1 Bf5 10. Be2 Qe7 11. Qd2 O-O 12. Nf3 a5 13. d5 Ne5 14. Nd4 Bg6 15. f4
Ned7 16. f5 Bxd4 17. Bxd4 Bxf5 18. O-O Bg6 19. Rce1 Qd8 20. Rf3 Ne5 21. Rg3
Nbd7 22. Bd1 Re8 23. Ne4 a4 24. Ng5 axb3 25. axb3 h6 26. Nf3 Ra2 27. Qc3 Nxf3+
28. Bxf3 Rc2 29. Qa1 Rxe1+ 30. Qxe1 Nf6 31. h4 Qe8 32. Qxe8+ Nxe8 33. h5 Rc1+
34. Kf2 Bh7 35. Bg4 Kf8 36. Bc8 b6 37. Bd7 Nf6 38. Bxf6 gxf6 39. Re3 Rc2+ 40.
Kf3 Kg7 41. g4 Rb2 42. Bf5 Bxf5 43. gxf5 Kf8 44. Kg3 Rd2 45. Kf3 Rh2 46. Kg4
Rg2+ 47. Rg3 Rd2 48. Re3 Rd4+ 49. Kg3 Rd1 50. Kf3 Rg1 51. Kf4 Rg5 52. Rh3 Ke7
53. b4 Kd7 54. b5 1/2-1/2

[Event "4NCL/Div2/BRI1 vs. GUI2"]
[Site "West Bromwich ENG"]
[Date "2003.10.19"]
[Round "2.1"]
[White "Sherwin, James T"]
[Black "Thompson, Ian D"]
[Result "1-0"]
[WhiteElo "2309"]
[BlackElo "2299"]
[PlyCount "57"]
[EventDate "2003.10.19"]

1. Nf3 Nf6 2. c4 b6 3. g3 e6 4. Bg2 Bb7 5. O-O Be7 6. Nc3 O-O 7. Re1 c5 8. e4
d6 9. d4 cxd4 10. Nxd4 Qc8 11. b3 a6 12. Bb2 Nbd7 13. f4 Rd8 14. Qe2 Bf8 15.
Rad1 e5 16. Nf5 b5 17. Kh1 Nc5 18. Nd5 Nxd5 19. cxd5 g6 20. Ne3 Bg7 21. fxe5
dxe5 22. Rc1 b4 23. Rc2 Rd7 24. Rec1 Rc7 25. d6 Rc6 26. Nd5 Bf8 27. Nxb4 Rxd6
28. Rxc5 Qd8 29. Nd5 1-0